National liberation : revolution in the third world.

Salvato in:
Dettagli Bibliografici
Autore principale: Miller, Norman ed, (autor)
Altri autori: Ya, Roderick, ed (autor) ed, (autor)
Natura: Libro
Lingua:inglese
Soggetti:
Tags: Aggiungi Tag
Nessun Tag, puoi essere il primo ad aggiungerne!!

MARC

LEADER 00000cam^a2200000uu^4500
001 000465777
005 20250521000000.0
008 050901s1971^^^^^^^^^^^^rd^r^^000^0^eng^d
009 20260310124407.752
035 |a FCE 000008401 
035 |a FCE 033620 
037 |a Acervo ITESO - Biblioteca 
041 |a eng 
082 0 4 |a 301.6333  |b MILn 
100 |a Miller, Norman,  |e ed  |e (autor) 
245 1 0 |a National liberation :  |b revolution in the third world. 
264 |a Estados Unidos :  |b Free,  |c 1971. 
300 |a 307 p. 
336 |a texto  |b txt  |2 rdacontenido 
337 |a sin mediación  |b n  |2 rdamedio 
338 |a volumen  |b nc  |2 rdasoporte 
649 |a XX 
650 |a Países en desarrollo 
650 |a Revolución 
650 |a Conflicto social 
650 |a Movimiento social 
650 |a Problemas nacionales 
700 |a Ya, Roderick,  |e ed  |e (autor) 
910 |a Fondo Centro de Estudios Educativos 
920 |a Impresos - Libros 
930 |a Fondos Especiales 
905 |a 133 
901 |a ALE033620  |b IT2  |c CEE  |u 20250521 
902 |a https://opac.biblio.iteso.mx/vufind/Record/000465777